Statistiken für The 10 G.O.A.T.S

Klicken Sie hier um das Quiz zu spielen!

Allgemein

  • Dieses Quiz wurde 4 mal gespielt
  • Das Durchschnittsergebnis liegt bei 5 aus 10

Antwortstatistiken

HintAntwort% Korrekt
1Messi
100%
10Neymar
100%
2Ronaldo
100%
3Maradona
50%
4Pele
50%
8Ronaldinho
50%
5Cruiyff
0%
9Maldini
0%
7Ronaldo Nazario
0%
6Zidane
0%

Verteilung der Resultate

Perzentil nach korrekt beantworteten Fragen

Anzahl Personen mit jedem Resultat

Ihre Resultats-Entwicklung

Sie haben dieses Quiz noch nicht gespielt